LEADER 01004nam a2200289 i 4500 001 991001274889707536 005 20020507190443.0 008 010301s1996 us ||| | eng 035 $ab10824881-39ule_inst 035 $aLE01309780$9ExL 040 $aDip.to Matematica$beng 082 0 $a512.74 084 $aAMS 11R11 084 $aQA247.M65 100 1 $aMollin, Richard A.$065944 245 10$aQuadratics /$cRichard A. Mollin 260 $aBoca Raton, Fl. :$bCRC Press,$cc1996 300 $axx, 387 p. ;$c26 cm. 440 4$aThe CRC Press series on discrete mathematics and its applications 500 $aIncludes bibliographical references and index 650 4$aQuadratic fields 907 $a.b10824881$b21-09-06$c28-06-02 912 $a991001274889707536 945 $aLE013 11R MOL11 (1996)$g1$i2013000125855$lle013$o-$pE0.00$q-$rl$s- $t0$u1$v0$w1$x0$y.i10932628$z28-06-02 996 $aQuadratics$9924602 997 $aUNISALENTO 998 $ale013$b01-01-01$cm$da $e-$feng$gus $h0$i1 LEADER 01679oam 2200517M 450 001 9910716241503321 005 20200213070516.8 035 $a(CKB)5470000002519711 035 $a(OCoLC)1065797297 035 $a(OCoLC)995470000002519711 035 $a(EXLCZ)995470000002519711 100 $a20071213d1926 ua 0 101 0 $aeng 135 $aurcn||||||||| 181 $ctxt$2rdacontent 182 $cc$2rdamedia 183 $acr$2rdacarrier 200 10$aJ. Block & Co. March 11, 1926. -- Ordered to be printed 210 1$a[Washington, D.C.] :$c[U.S. Government Printing Office],$d1926. 215 $a1 online resource (2 pages) 225 1 $aSenate report / 69th Congress, 1st session. Senate ;$vno. 329 225 1 $a[United States congressional serial set ] ;$v[serial no. 8527] 300 $aBatch processed record: Metadata reviewed, not verified. Some fields updated by batch processes. 300 $aFDLP item number not assigned. 606 $aClaims 606 $aMalicious mischief 606 $aVandalism 606 $aMilitary bases 606 $aGovernment auctions 606 $aFinance, Public 608 $aLegislative materials.$2lcgft 615 0$aClaims. 615 0$aMalicious mischief. 615 0$aVandalism. 615 0$aMilitary bases. 615 0$aGovernment auctions. 615 0$aFinance, Public. 701 $aMeans$b Rice William$f1877-1949$pRepublican (CO)$01386800 801 0$bWYU 801 1$bWYU 801 2$bOCLCO 801 2$bOCLCQ 906 $aBOOK 912 $a9910716241503321 996 $aJ. Block & Co. March 11, 1926. -- Ordered to be printed$93505496 997 $aUNINA